AH International Schools' Libraries

American born Chinese / (Record no. 48154)

MARC details
000 -LEADER
fixed length control field 00766nam a2200145 4500
020 ## - INTERNATIONAL STANDARD BOOK NUMBER
International Standard Book Number 9781250891396
100 ## - MAIN ENTRY--PERSONAL NAME
Personal name Yang, Gene Luen.
9 (RLIN) 79373
245 ## - TITLE STATEMENT
Title American born Chinese /
Statement of responsibility, etc Gene Luen Yang.
260 ## - PUBLICATION, DISTRIBUTION, ETC. (IMPRINT)
Place of publication, distribution, etc New York:
Name of publisher, distributor, etc First Second;
Date of publication, distribution, etc 2023.
300 ## - PHYSICAL DESCRIPTION
Extent 233 p.
Other physical details col. ill.
Dimensions 21 cm.
520 ## - SUMMARY, ETC.
Summary, etc "In this hilarious, heartfelt and action-packed 21st-century fable, three apparently unrelated characters--Jim Wang, a Chinese-American student; the Monkey King, the subject of Chinese folklore; and Chin-Kee, the personification of the ultimate negative Chinese stereotype--come together with an unexpected twist"-- Provided by publisher
650 ## - SUBJECT ADDED ENTRY--TOPICAL TERM
Topical term or geographic name as entry element Chinese Americans.
Form subdivision Graphic novels.
9 (RLIN) 85911
700 ## - ADDED ENTRY--PERSONAL NAME
Relator code illustrator.
Personal name Lark Pien.
9 (RLIN) 85912
942 ## - ADDED ENTRY ELEMENTS (KOHA)
Source of classification or shelving scheme
Koha item type Books/GRAPHICS
Holdings
Withdrawn status Lost status Source of classification or shelving scheme Damaged status Not for loan Collection code Home library Current library Shelving location Date acquired Total Checkouts Total Renewals Full call number Barcode Checked out Date last seen Date checked out Price effective from Koha item type
          SECONDARY Asian Hope Secondary Library Asian Hope Secondary Library SECONDARY 01/10/2025 14 1 J GRAPHIX YAN 207418 05/05/2026 04/28/2026 04/28/2026 01/10/2025 Books/GRAPHICS

For any Logos Library related questions please contact Miss Art at swongnarasuk@asianhope.org.

For any Asian Hope Library related questions please contact Miss Raza at graza@asianhope.org.

Powered by Koha